| 000 | 01836nam a2200313 a 4500 | ||
|---|---|---|---|
| 001 | 000028274 | ||
| 005 | 20240422201210.0 | ||
| 008 | 110407s2010 dr r 001 0 spa d | ||
| 020 | _a9789945875706 | ||
| 040 |
_aDO-SdBNP _bspa _cBNPHU |
||
| 082 |
_a347.05 _bI58p |
||
| 100 | 1 |
_aInoa, Orlidy _99454 |
|
| 245 | 1 | 3 |
_aEl principio de oportunidad : _bcomo manifestación del principio de mínima intervención en el proceso penal acusatorio / _cOrlidy Inoa. |
| 260 |
_aSanto Domingo : _bENMP, _c2010. |
||
| 300 |
_a78 p. ; _c24 cm. |
||
| 490 | 1 |
_aENMP _v1 |
|
| 500 | _aIncluye datos biográficos de la autora en la solapa. | ||
| 502 | _aTesis (Magister) Pontificia Universidad Católica Madre y Maestra, 2009. | ||
| 500 | _aIncluye bibliografía y notas al pie de páginas. | ||
| 504 | _aBibliografía: p. 73-75. | ||
| 505 | 0 |
_gPresentación / _rRamón Emilio Núñez N. -- _tIntroducción: Relevancia del principio de oportunidad en el proceso penal -- _tEl concepto de obligatoriedad de la acción penal, monopolio del Ministerio Público en el ejercicio de la acción penal -- _tLa oportunidad en el proceso penal -- _tPolítica criminal, principio de oportunidad y concepto de justicia restauradora -- _tEl principio de oportunidad como manifestación del principio de mínima intervención en un estado democrático de derecho -- _tPrincipio de oportunidad y demás salidas alternas al juicio oral -- _tLa oportunidad en otros sistemas jurídicos -- _gConclusiones -- _gBibliografía comentada. |
|
| 590 | _aInventariado, 2018/LP | ||
| 650 | 0 |
_aProcedimiento penal _9554 |
|
| 650 | 4 |
_aProceso penal _955270 |
|
| 650 | 4 |
_aAcción penal _916563 |
|
| 710 | 2 | 2 |
_aRepública Dominicana. _bMinisterio Público. Escuela Nacional del Ministerio Público. _955271 |
| 830 | 0 |
_aENMP ; _v1 _955272 |
|
| 910 | _aValidado. Control de calidad. EMS | ||
| 999 |
_c27766 _d27766 |
||